<?xml version="1.0" encoding="UTF-8"?><?xml-stylesheet type="text/xsl" href="static/style.xsl"?><OAI-PMH xmlns="http://www.openarchives.org/OAI/2.0/" xmlns:xsi="http://www.w3.org/2001/XMLSchema-instance" xsi:schemaLocation="http://www.openarchives.org/OAI/2.0/ http://www.openarchives.org/OAI/2.0/OAI-PMH.xsd"><responseDate>2026-06-04T01:02:18Z</responseDate><request verb="GetRecord" identifier="oai:riubu.ubu.es:10259/11797" metadataPrefix="marc">https://riubu.ubu.es/oai/request</request><GetRecord><record><header><identifier>oai:riubu.ubu.es:10259/11797</identifier><datestamp>2026-06-04T00:05:31Z</datestamp><setSpec>com_10259_4839</setSpec><setSpec>com_10259_5086</setSpec><setSpec>com_10259_2604</setSpec><setSpec>col_10259_4840</setSpec></header><metadata><record xmlns="http://www.loc.gov/MARC21/slim" xmlns:doc="http://www.lyncode.com/xoai" xmlns:xsi="http://www.w3.org/2001/XMLSchema-instance" xmlns:dcterms="http://purl.org/dc/terms/" xsi:schemaLocation="http://www.loc.gov/MARC21/slim http://www.loc.gov/standards/marcxml/schema/MARC21slim.xsd">
<leader>00925njm 22002777a 4500</leader>
<datafield tag="042" ind1=" " ind2=" ">
<subfield code="a">dc</subfield>
</datafield>
<datafield tag="720" ind1=" " ind2=" ">
<subfield code="a">Delgado Benito, Vanesa</subfield>
<subfield code="e">author</subfield>
</datafield>
<datafield tag="260" ind1=" " ind2=" ">
<subfield code="c">2014-05</subfield>
</datafield>
<datafield tag="520" ind1=" " ind2=" ">
<subfield code="a">Actualmente la formación del profesorado ocupa un lugar importante en las Universidades,&#xd;
siendo diversos los motivos que avalan la necesaria formación de los docentes universitarios&#xd;
a lo largo de su trayectoria&#xd;
la oferta formativa dirigida al profesorado perteneciente a la Universidad de Burgos durante&#xd;
más de una década (2001-2011). La entidad responsable de la formación es el Instituto de&#xd;
Formación e Innovación Educativa (IFIE), a través del cual se han desarrollado una serie de&#xd;
programas formativos, destacando la implementación de un Plan estratégico de Formación&#xd;
del Profesorado, orientado a la innovación y mejora de la docencia universitaria para&#xd;
cer la plena inclusión del profesorado en el Espacio Europeo de Educación Superior (EEES)</subfield>
</datafield>
<datafield tag="520" ind1=" " ind2=" ">
<subfield code="a">In present days, teacher-training has an important place in universities. There are several&#xd;
reasons that support the necessary training of universit&#xd;
This article seeks to highlight the evolution of the training offered to teachers belonging to&#xd;
the University of Burgos for over a decade (2001&#xd;
tion is the Institute of Trainin&#xd;
versity of Burgos has developed a series of training programs, emphasizing the implement&#xd;
tion of a Strategic Plan for Teacher Training, innovation&#xd;
versity teaching to promote the full inclusion of teachers in the European Higher Education&#xd;
Area (EHEA)</subfield>
</datafield>
<datafield tag="024" ind2=" " ind1="8">
<subfield code="a">2007-9117</subfield>
</datafield>
<datafield tag="024" ind2=" " ind1="8">
<subfield code="a">https://hdl.handle.net/10259/11797</subfield>
</datafield>
<datafield ind1=" " ind2=" " tag="653">
<subfield code="a">Plan de formación docente</subfield>
</datafield>
<datafield ind1=" " ind2=" " tag="653">
<subfield code="a">Docencia</subfield>
</datafield>
<datafield ind1=" " ind2=" " tag="653">
<subfield code="a">Personal docente</subfield>
</datafield>
<datafield ind1=" " ind2=" " tag="653">
<subfield code="a">Formación de profesores</subfield>
</datafield>
<datafield ind1=" " ind2=" " tag="653">
<subfield code="a">Perfeccionamiento docente</subfield>
</datafield>
<datafield tag="245" ind1="0" ind2="0">
<subfield code="a">Lifelong learning en la docencia universitaria. La experiencia de la Universidad de Burgos</subfield>
</datafield>
</record></metadata></record></GetRecord></OAI-PMH>